| 000 | 01184 a2200241 4500 | ||
|---|---|---|---|
| 001 | 22372 | ||
| 005 | 20260407155514.0 | ||
| 008 | 260407a2000 arg spa d | ||
| 003 | AR-UNSa-BCEJYS | ||
| 040 |
_aAR-UNSa-BCEJYS _bspa _cAR-UNSa-BCEJYS |
||
| 080 |
_a330.35 _xCrecimiento económico |
||
| 245 | 1 | 0 | _aIntroducción al crecimiento económico |
| 020 | _a968-444-410-9 | ||
| 264 | 1 |
_aMéxico : _bPearson Educación _c2000 |
|
| 300 |
_a203 p. _c23 cm. |
||
| 505 | _a1. Introducción al crecimiento económico - 2. El modelo del solow - 3. Aplicaciones empíricas de los modelos crecimiento neoclásicos - 4. La economía de las ideas - 5. El motor del crecimiento - 6. Un modelo sencillo de crecimiento y desarrollo - 7. Infraestructura y desempeño económico a largo plazo neoclásicos - 8. Teorías alternativas del crecimiento endógeno - 9. Comprensión del crecimiento económico. | ||
| 942 | _cBK | ||
| 590 | _aniveau_biblio:m niveau_hierar:0 | ||
| 100 | 1 | _aJones, Charles I. | |
| 700 | 1 | _aCoro Pando, Julio Silverio | |
| 700 | 1 | _aPiloyán Boudjikanian, Diana | |
| 856 | 4 | 1 |
_uhttps://www.biblioeco.unsa.edu.ar/pmb/images/libros/L127421.jpg _yImagen de portada _qimage/jpeg |
| 999 |
_c990 _d990 |
||